000 00384 a2200169 4500
001 188282
020 _a
040 _cMagnum
100 _aMathylde, Ângela
240 1 0 _aO lápis preto no país das letras
_lpor
245 1 0 _aO lápis preto no país das letras
300 _a40
362 0 _a1992
440 1 _aCultura
697 _aLITERATURA INFANTO-JUVENIL
942 _cBK
999 _c188282
_d188282